Voice OUT Toolkit Progetto NISO - Combattere l'omofobia attraverso la cittadinanza attiva e l'educazione ai media

I tiakina i:
Ngā taipitopito rārangi puna kōrero
Ngā kaituhi rangatōpū: Commissione Europea, Provincia di Roma
Hōputu: Pukapuka
Reo:Ingarihi
I whakaputaina: Commissione Europea 2012
Ngā Tūtohu: Tāpirihia he Tūtohu
Kāore He Tūtohu, Me noho koe te mea tuatahi ki te tūtohu i tēnei pūkete!

MARC

LEADER 00000nam a2200000 4500
005 20240529204052.0
008 240529b |||||||| |||| 00| 0 eng d
040 |c GP 
110 |a Commissione Europea 
245 |a Voice OUT Toolkit  |b Progetto NISO - Combattere l'omofobia attraverso la cittadinanza attiva e l'educazione ai media 
260 |b Commissione Europea  |c 2012 
710 |a Provincia di Roma 
942 |2 ddc  |c BK  |n 0 
952 |0 0  |1 0  |2 ddc  |4 0  |6 306_766000000000000_NIS  |7 1  |9 1337  |a RM  |b RM  |d 2024-05-29  |l 0  |o 306.766 NIS  |p 174  |r 2024-05-29 20:41:13  |w 2024-05-29  |y BK 
999 |c 1234  |d 1234